[Event "WchT (Women) 12th"]
[Site "Astana"]
[Date "2019.03.09"]
[Round "5.2"]
[White "Kosteniuk, Alexandra"]
[Black "Huang, Qian"]
[Result "1/2-1/2"]
[WhiteElo "2545"]
[BlackElo "2441"]
[PlyCount "76"]
[EventDate "2019.03.05"]
[EventType "team-tourn"]
[EventRounds "9"]
[EventCountry "KAZ"]
[SourceTitle "CBM 189"]
[Source "ChessBase"]
[SourceDate "2019.04.29"]
[SourceVersion "1"]
[SourceVersionDate "2019.04.29"]
[SourceQuality "1"]
[WhiteTeam "Russia (W)"]
[BlackTeam "China (W)"]
[WhiteTeamCountry "RUS"]
[BlackTeamCountry "CHN"]

1. e4 c5 2. Nf3 d6 3. Bb5+ Nc6 4. O-O Bd7 5. c3 Nf6 6. Re1 a6 7. Bc4 Bg4 8. d4
e6 9. Be2 cxd4 10. cxd4 d5 11. exd5 Nxd5 12. Nbd2 Be7 13. Nc4 Rc8 14. Ne3 Bh5
15. h3 O-O 16. Ng4 Bg6 17. a3 Qb6 18. Nge5 Nxe5 19. Nxe5 Rfd8 20. Bd3 Bf6 21.
Bxg6 hxg6 22. Qg4 Ne7 23. Be3 Nf5 24. Qe4 Qxb2 25. Rab1 Qxa3 26. Qxb7 Bxe5 27.
dxe5 Nxe3 28. Rxe3 Rc3 29. Qb6 Rf8 30. Ree1 Rc2 31. Ra1 Ra2 32. Rxa2 Qxa2 33.
Rd1 Qe2 34. Ra1 Qxe5 35. Qxa6 Rd8 36. Rc1 Qd4 37. Qb7 Qd5 38. Qe7 Qd6 1/2-1/2

[Event "WchT (Women) 12th"]
[Site "Astana"]
[Date "2019.03.12"]
[Round "7.2"]
[White "Kosteniuk, Alexandra"]
[Black "Muzychuk, Anna"]
[Result "1-0"]
[WhiteElo "2545"]
[BlackElo "2555"]
[PlyCount "89"]
[EventDate "2019.03.05"]
[EventType "team-tourn"]
[EventRounds "9"]
[EventCountry "KAZ"]
[SourceTitle "CBM 189"]
[Source "ChessBase"]
[SourceDate "2019.04.29"]
[SourceVersion "1"]
[SourceVersionDate "2019.04.29"]
[SourceQuality "1"]
[WhiteTeam "Russia (W)"]
[BlackTeam "Ukraine (W)"]
[WhiteTeamCountry "RUS"]
[BlackTeamCountry "UKR"]

1. e4 e5 2. Nf3 Nc6 3. Bc4 Bc5 4. c3 Nf6 5. d4 exd4 6. e5 d5 7. Bb5 Ne4 8. cxd4
Bb6 9. Nc3 O-O 10. Be3 Bg4 11. h3 Bh5 12. Qc2 Bg6 13. Qb3 Ne7 14. O-O c6 15.
Bd3 Nd2 16. Nxd2 Bxd3 17. Rfe1 Bg6 18. Nf3 Nf5 19. Na4 Rb8 20. Nxb6 Nxe3 21.
Rxe3 axb6 22. a4 Ra8 23. Rae1 Bf5 24. Nd2 Re8 25. Nf1 c5 26. Qd1 Qd7 27. Ra3 c4
28. Ne3 Bd3 29. Qf3 Red8 30. Qg3 Kh8 31. Qh4 Re8 32. f4 Rxa4 33. Rxa4 Qxa4 34.
f5 Qc6 35. f6 Rg8 36. fxg7+ Rxg7 37. Ra1 Rg8 38. Nxd5 h6 39. Qf6+ Qxf6 40. Nxf6
Rc8 41. Ra7 Kg7 42. Rxb7 b5 43. d5 Kg6 44. d6 Kf5 45. Re7 1-0

[Event "WchT (Women) 12th"]
[Site "Astana"]
[Date "2019.03.13"]
[Round "8.1"]
[White "Kosteniuk, Alexandra"]
[Black "Hoang, Thanh Trang"]
[Result "1-0"]
[WhiteElo "2545"]
[BlackElo "2454"]
[PlyCount "103"]
[EventDate "2019.03.05"]
[EventType "team-tourn"]
[EventRounds "9"]
[EventCountry "KAZ"]
[SourceTitle "CBM 189"]
[Source "ChessBase"]
[SourceDate "2019.04.29"]
[SourceVersion "1"]
[SourceVersionDate "2019.04.29"]
[SourceQuality "1"]
[WhiteTeam "Russia (W)"]
[BlackTeam "Hungary (W)"]
[WhiteTeamCountry "RUS"]
[BlackTeamCountry "HUN"]

1. e4 e6 2. d4 d5 3. Nc3 Nf6 4. e5 Nfd7 5. f4 c5 6. Nf3 Nc6 7. Be3 a6 8. Qd2 b5
9. Qf2 Qa5 10. Be2 b4 11. Nd1 b3+ 12. Nc3 bxc2 13. Rc1 Bb7 14. O-O cxd4 15.
Nxd4 Nxd4 16. Bxd4 Bc5 17. Rxc2 Bxd4 18. Qxd4 Qb6 19. Rd1 Qxd4+ 20. Rxd4 Ke7
21. Rb4 Rab8 22. b3 Rhd8 23. Bf1 f6 24. Ne2 Rdc8 25. Rxc8 Bxc8 26. Rxb8 Nxb8
27. Nd4 g5 28. g3 fxe5 29. fxe5 Nd7 30. Nc6+ Ke8 31. Be2 Nc5 32. Kf2 Bd7 33.
Nd4 a5 34. Ke3 Ke7 35. Bd1 Be8 36. Bc2 h6 37. a3 Na6 38. Kd2 h5 39. h4 gxh4 40.
gxh4 Nc5 41. Ke3 Kf7 42. Kf4 Nd7 43. Bd1 Ke7 44. Nc6+ Kf8 45. Nxa5 Nc5 46. Ke3
Bg6 47. b4 Nd7 48. Kd4 Ke7 49. Nc6+ Ke8 50. b5 Nb6 51. Kc5 Nd7+ 52. Kd6 1-0

[Event "WchT (Women) 12th"]
[Site "Astana"]
[Date "2019.03.14"]
[Round "9.2"]
[White "Kosteniuk, Alexandra"]
[Black "Arabidze, Meri"]
[Result "1/2-1/2"]
[WhiteElo "2545"]
[BlackElo "2392"]
[PlyCount "78"]
[EventDate "2019.03.05"]
[EventType "team-tourn"]
[EventRounds "9"]
[EventCountry "KAZ"]
[SourceTitle "CBM 189"]
[Source "ChessBase"]
[SourceDate "2019.04.29"]
[SourceVersion "1"]
[SourceVersionDate "2019.04.29"]
[SourceQuality "1"]
[WhiteTeam "Russia (W)"]
[BlackTeam "Georgia (W)"]
[WhiteTeamCountry "RUS"]
[BlackTeamCountry "GEO"]

1. e4 c5 2. Nf3 e6 3. d4 cxd4 4. Nxd4 Nc6 5. Nc3 Qc7 6. Be3 a6 7. Be2 Nf6 8.
O-O Be7 9. f4 d6 10. Qe1 O-O 11. Qg3 Nxd4 12. Bxd4 b5 13. a3 Bb7 14. Rae1 Rad8
15. Bf3 Bc6 16. Nd5 exd5 17. exd5 Ba8 18. Rxe7 Qxe7 19. Re1 Qxe1+ 20. Qxe1 Nxd5
21. f5 f6 22. Qd2 Rde8 23. Bf2 Re5 24. g4 h5 25. h3 hxg4 26. hxg4 Ne7 27. Bxa8
Rxa8 28. Qxd6 Rc8 29. Bd4 Re4 30. Kf2 Rxc2+ 31. Kf3 Ree2 32. g5 Nc6 33. Bc3
Rf2+ 34. Kg3 Rg2+ 35. Kh3 Rh2+ 36. Kg3 Rhg2+ 37. Kh3 Rh2+ 38. Kg3 Rhg2+ 39. Kh3
Rh2+ 1/2-1/2

[Event "SUI-chT"]
[Site "Switzerland"]
[Date "2019.09.07"]
[Round "6.2"]
[White "Kosteniuk, Alexandra"]
[Black "Bogner, Sebastian"]
[Result "0-1"]
[WhiteElo "2527"]
[BlackElo "2601"]
[PlyCount "78"]
[EventDate "2019.03.10"]
[EventType "team-tourn"]
[EventRounds "9"]
[EventCountry "SUI"]
[SourceTitle "EXT 2020"]
[Source "ChessBase"]
[SourceDate "2019.10.17"]
[SourceVersion "1"]
[SourceVersionDate "2019.10.17"]
[SourceQuality "1"]
[WhiteTeam "Zuerich"]
[BlackTeam "Reti"]
[WhiteTeamCountry "SUI"]
[BlackTeamCountry "SUI"]

{[%evp 0,78,16,37,74,14,6,23,35,35,23,-4,48,27,42,18,34,31,31,54,29,-22,0,-1,
-1,2,-3,-22,-26,-26,5,7,17,-53,-69,-56,-30,-30,-43,-52,-49,-15,26,-12,-2,24,24,
-12,0,-38,-14,-14,12,-18,28,17,0,6,0,-17,-17,-90,0,-90,0,-61,-61,-170,-281,
-302,-319,-319,-319,-513,-348,-342,-351,-384,-386,-835,-853]} 1. e4 c6 2. c4 d5
3. cxd5 cxd5 4. exd5 Nf6 5. Nc3 g6 6. Bc4 Bg7 7. Nf3 O-O 8. a4 b6 9. O-O Bb7
10. Ra3 Nxd5 11. Nxd5 Bxd5 12. Rd3 e6 13. Bxd5 exd5 14. b4 Nc6 15. b5 Na5 16.
Nd4 Re8 17. Bb2 a6 18. Bc3 axb5 19. axb5 Qd7 20. Qf3 Re4 21. Nc6 Rae8 22. Bxa5
bxa5 23. Re3 a4 24. Qd1 Rxe3 25. fxe3 a3 26. Qb3 Bb2 27. d4 Qe6 28. Re1 Kg7 29.
Ne5 Rc8 30. Rf1 Rc3 31. Qa4 Rc7 32. Rf3 Qb6 33. Qb3 Bxd4 34. Qxd5 Bxe3+ 35. Kf1
f6 36. Nc6 Qc5 37. Qxc5 Bxc5 38. Rd3 Rb7 39. Nd8 a2 0-1

[Event "SUI-chT"]
[Site "Switzerland"]
[Date "2019.09.08"]
[Round "7.3"]
[White "Atlas, Valeri"]
[Black "Kosteniuk, Alexandra"]
[Result "1/2-1/2"]
[WhiteElo "2452"]
[BlackElo "2527"]
[PlyCount "74"]
[EventDate "2019.03.10"]
[EventType "team-tourn"]
[EventRounds "9"]
[EventCountry "SUI"]
[SourceTitle "EXT 2020"]
[Source "ChessBase"]
[SourceDate "2019.10.17"]
[SourceVersion "1"]
[SourceVersionDate "2019.10.17"]
[SourceQuality "1"]
[WhiteTeam "Luzern"]
[BlackTeam "Zuerich"]
[WhiteTeamCountry "SUI"]
[BlackTeamCountry "SUI"]

{[%evp 0,74,31,12,40,17,17,17,17,7,7,7,3,-5,39,9,15,2,0,-8,3,12,0,6,17,19,20,
-19,-13,-23,-1,-11,-12,-9,-9,-9,31,14,38,6,35,-1,18,23,3,8,98,-2,55,53,45,65,
64,63,52,64,78,78,114,64,56,46,59,55,67,63,45,24,38,9,15,15,13,12,21,-3,-15]} 
1. e4 e5 2. Nf3 Nc6 3. Bc4 Bc5 4. d3 Nf6 5. O-O d6 6. c3 h6 7. a4 a5 8. Re1 O-O
9. Nbd2 Bb6 10. Bb3 Be6 11. Nc4 Ba7 12. h3 Nd7 13. d4 exd4 14. Nxd4 Nc5 15.
Nxe6 fxe6 16. Be3 Qh4 17. Bc2 e5 18. Qg4 Qf6 19. Rf1 Kh8 20. g3 Rae8 21. Kg2
Qf7 22. Nd2 Re6 23. f4 exf4 24. Rxf4 Rf6 25. Rxf6 Qxf6 26. Rf1 Qe7 27. Rxf8+
Qxf8 28. Nf3 Ne5 29. Qf5 Qxf5 30. exf5 Nc4 31. Bc1 d5 32. b3 Nd6 33. Be3 Bb6
34. Bxc5 Bxc5 35. Ne5 Kg8 36. Kf3 Nf7 37. Nxf7 Kxf7 1/2-1/2

[Event "Moscow Blondes-Brunettes m 9th"]
[Site "Moscow"]
[Date "2019.03.16"]
[Round "1.1"]
[White "Kosteniuk, Alexandra"]
[Black "Gunina, Valentina"]
[Result "1-0"]
[WhiteElo "2545"]
[BlackElo "2515"]
[PlyCount "64"]
[EventDate "2019.03.16"]
[EventType "schev (blitz)"]
[EventRounds "8"]
[EventCountry "RUS"]
[SourceTitle "CBM 189 Extra"]
[Source "ChessBase"]
[SourceDate "2019.06.03"]
[SourceVersion "1"]
[SourceVersionDate "2019.06.03"]
[SourceQuality "1"]
[WhiteTeam "Brunettes"]
[BlackTeam "Blondes"]

1. e4 c6 2. Nc3 d5 3. Nf3 Bg4 4. Be2 Bxf3 5. Bxf3 e6 6. O-O Nf6 7. Re1 Bb4 8.
Qe2 d4 9. Nb1 O-O 10. e5 Nd5 11. c3 Bc5 12. c4 Nf4 13. Qe4 Ng6 14. d3 Nd7 15.
Bf4 Qa5 16. Nd2 Nxf4 17. Nb3 Qb6 18. Qxf4 a5 19. Rab1 a4 20. Nc1 Rad8 21. Re4
f6 22. exf6 Rxf6 23. Qh4 Rdf8 24. Ne2 Bd6 25. Ng3 Nc5 26. Rxd4 Be5 27. Rg4 Nxd3
28. Nh5 Rg6 29. Rf1 Rxg4 30. Qxg4 Bd4 31. Qxe6+ Kh8 32. Qe7 Qc5 1-0

[Event "Moscow Blondes-Brunettes m 9th"]
[Site "Moscow"]
[Date "2019.03.16"]
[Round "2.1"]
[White "Girya, Olga"]
[Black "Kosteniuk, Alexandra"]
[Result "0-1"]
[WhiteElo "2456"]
[BlackElo "2545"]
[PlyCount "116"]
[EventDate "2019.03.16"]
[EventType "schev (blitz)"]
[EventRounds "8"]
[EventCountry "RUS"]
[SourceTitle "CBM 189 Extra"]
[Source "ChessBase"]
[SourceDate "2019.06.03"]
[SourceVersion "1"]
[SourceVersionDate "2019.06.03"]
[SourceQuality "1"]
[WhiteTeam "Blondes"]
[BlackTeam "Brunettes"]

1. d4 Nf6 2. c4 e6 3. Nf3 b6 4. a3 Bb7 5. Nc3 d5 6. Bg5 Be7 7. e3 O-O 8. Qc2 c5
9. dxc5 bxc5 10. Rd1 Nbd7 11. Be2 h6 12. Bh4 Re8 13. O-O Qb6 14. cxd5 exd5 15.
Rd2 Bc6 16. Rfd1 Qb7 17. Bg3 Rac8 18. h3 Bf8 19. Nh4 d4 20. exd4 cxd4 21. Rxd4
Nc5 22. Bf3 Bxf3 23. Nxf3 Nce4 24. R4d3 Nxg3 25. fxg3 Ne4 26. Kh2 Qb8 27. Ng1
Bd6 28. Nge2 Be5 29. Rf1 h5 30. Rdf3 Bxg3+ 31. Nxg3 Nxg3 32. Rxg3 h4 33. Qd3
Qxg3+ 34. Qxg3 hxg3+ 35. Kxg3 Red8 36. Rf2 Rd3+ 37. Kh2 Rcd8 38. Ne4 f6 39. Rf5
Rb3 40. Rf2 Rdb8 41. Rc2 Rxb2 42. Rc7 R2b7 43. Rc3 Re7 44. Nd6 Re2 45. Nf5 Reb2
46. Rc7 R2b7 47. Rc4 Rb5 48. Nd4 Rd5 49. Ne6 Rd6 50. Nf4 Rb7 51. h4 Rbd7 52. h5
Rd4 53. Rc8+ Kf7 54. Ng6 Rd8 55. Rc7+ R4d7 56. Rc5 Rd5 57. Rc7+ R8d7 58. Rc8
Rxh5+ 0-1

[Event "Moscow Blondes-Brunettes m 9th"]
[Site "Moscow"]
[Date "2019.03.16"]
[Round "3.1"]
[White "Kosteniuk, Alexandra"]
[Black "Maltsevskaya, Aleksandra"]
[Result "1-0"]
[WhiteElo "2545"]
[BlackElo "2252"]
[PlyCount "79"]
[EventDate "2019.03.16"]
[EventType "schev (blitz)"]
[EventRounds "8"]
[EventCountry "RUS"]
[SourceTitle "CBM 189 Extra"]
[Source "ChessBase"]
[SourceDate "2019.06.03"]
[SourceVersion "1"]
[SourceVersionDate "2019.06.03"]
[SourceQuality "1"]
[WhiteTeam "Brunettes"]
[BlackTeam "Blondes"]

1. e4 c5 2. c3 d5 3. exd5 Qxd5 4. d4 Nf6 5. Nf3 Bg4 6. Be2 e6 7. h3 Bh5 8. Na3
Be7 9. Nb5 Na6 10. c4 Qd8 11. g4 Bg6 12. Ne5 O-O 13. O-O cxd4 14. Nxd4 Qa5 15.
Nxg6 hxg6 16. Qd2 Bb4 17. Qg5 Rfd8 18. Qxa5 Bxa5 19. Be3 Bb6 20. Rfd1 e5 21.
Nb5 Bxe3 22. fxe3 Nb4 23. Rxd8+ Rxd8 24. Rd1 Rxd1+ 25. Bxd1 Nxa2 26. Nxa7 Nb4
27. Nb5 Ne4 28. Bf3 Nc5 29. Nc3 Nbd3 30. b3 b6 31. Nd5 Nxb3 32. Nxb6 Nd2 33.
Bd5 Nc5 34. Nc8 Kf8 35. Kf2 f5 36. Nd6 Ke7 37. Nf7 e4 38. g5 Nf3 39. Kg3 Ne5
40. Nxe5 1-0

[Event "Moscow Blondes-Brunettes m 9th"]
[Site "Moscow"]
[Date "2019.03.16"]
[Round "4.1"]
[White "Zhukova, Natalia"]
[Black "Kosteniuk, Alexandra"]
[Result "1-0"]
[WhiteElo "2377"]
[BlackElo "2545"]
[PlyCount "88"]
[EventDate "2019.03.16"]
[EventType "schev (blitz)"]
[EventRounds "8"]
[EventCountry "RUS"]
[SourceTitle "CBM 189 Extra"]
[Source "ChessBase"]
[SourceDate "2019.06.03"]
[SourceVersion "1"]
[SourceVersionDate "2019.06.03"]
[SourceQuality "1"]
[WhiteTeam "Blondes"]
[BlackTeam "Brunettes"]

1. c4 e5 2. Nc3 Nf6 3. Nf3 Nc6 4. e3 d5 5. cxd5 Nxd5 6. Bb5 Nxc3 7. dxc3 Qxd1+
8. Kxd1 Bd7 9. e4 Bc5 10. Ke2 a6 11. Ba4 O-O-O 12. Be3 Bxe3 13. Kxe3 f6 14.
Rhd1 b5 15. Bb3 Na5 16. Rd2 Bc6 17. Rad1 Nxb3 18. axb3 Rxd2 19. Rxd2 Rd8 20.
Rxd8+ Kxd8 21. b4 Kd7 22. Ne1 Kd6 23. Nd3 g6 24. g3 f5 25. exf5 gxf5 26. f4 e4
27. Nc1 Bd7 28. Ne2 c5 29. Nc1 cxb4 30. cxb4 Be6 31. Kd4 Bc4 32. Ke3 Kc6 33.
Kd4 Kb6 34. Ke5 e3 35. Kxf5 e2 36. Nxe2 Bxe2 37. Kf6 a5 38. Kg7 axb4 39. f5 Kc5
40. f6 Bc4 41. Kxh7 b3 42. g4 Kd4 43. g5 Ke5 44. Kg7 Kd5 1-0

[Event "Moscow Blondes-Brunettes m 9th"]
[Site "Moscow"]
[Date "2019.03.16"]
[Round "5.1"]
[White "Kosteniuk, Alexandra"]
[Black "Bivol, Alina"]
[Result "0-1"]
[WhiteElo "2545"]
[BlackElo "2393"]
[PlyCount "56"]
[EventDate "2019.03.16"]
[EventType "schev (blitz)"]
[EventRounds "8"]
[EventCountry "RUS"]
[SourceTitle "CBM 189 Extra"]
[Source "ChessBase"]
[SourceDate "2019.06.03"]
[SourceVersion "1"]
[SourceVersionDate "2019.06.03"]
[SourceQuality "1"]
[WhiteTeam "Brunettes"]
[BlackTeam "Blondes"]

1. e4 e6 2. d4 d5 3. exd5 exd5 4. Nf3 Nf6 5. Bd3 c5 6. Qe2+ Be7 7. dxc5 O-O 8.
O-O Bxc5 9. Bg5 Nc6 10. c3 Bg4 11. Nbd2 Re8 12. Qd1 h6 13. Bh4 g5 14. Bg3 Ne4
15. b4 Bb6 16. b5 Na5 17. Qa4 f5 18. Bxe4 dxe4 19. Nd4 f4 20. h3 fxg3 21. hxg4
gxf2+ 22. Kh1 e3 23. Nc4 Bxd4 24. Nxa5 Bg7 25. Qc4+ Kh8 26. Nxb7 Qb8 27. Qd5
Qg3 28. Nd6 Qh4# 0-1

[Event "Moscow Blondes-Brunettes m 9th"]
[Site "Moscow"]
[Date "2019.03.16"]
[Round "6.1"]
[White "Zakurdjaeva, Irina"]
[Black "Kosteniuk, Alexandra"]
[Result "0-1"]
[WhiteElo "2231"]
[BlackElo "2545"]
[PlyCount "60"]
[EventDate "2019.03.16"]
[EventType "schev (blitz)"]
[EventRounds "8"]
[EventCountry "RUS"]
[SourceTitle "CBM 189 Extra"]
[Source "ChessBase"]
[SourceDate "2019.06.03"]
[SourceVersion "1"]
[SourceVersionDate "2019.06.03"]
[SourceQuality "1"]
[WhiteTeam "Blondes"]
[BlackTeam "Brunettes"]

1. e4 c5 2. Nf3 Nc6 3. d4 cxd4 4. Nxd4 Nf6 5. Nc3 d6 6. Be2 e5 7. Nb3 Be6 8.
O-O Be7 9. Bf3 O-O 10. Re1 a5 11. Nd5 a4 12. Nxe7+ Qxe7 13. Nd2 Nd4 14. c3
Nxf3+ 15. Nxf3 h6 16. h3 b5 17. Qc2 Nh5 18. Be3 Rfd8 19. Rad1 Qf6 20. b3 Bxh3
21. Kh2 Bg4 22. Qe2 axb3 23. axb3 Ra3 24. c4 Rxb3 25. cxb5 Nf4 26. Qc4 Nxg2 27.
Qxb3 Bxf3 28. Bb6 Qh4+ 29. Kg1 Nxe1 30. Qxf3 Nxf3+ 0-1

[Event "Moscow Blondes-Brunettes m 9th"]
[Site "Moscow"]
[Date "2019.03.16"]
[Round "7.1"]
[White "Kosteniuk, Alexandra"]
[Black "Vasilevich, Irina"]
[Result "1-0"]
[WhiteElo "2545"]
[BlackElo "2258"]
[PlyCount "61"]
[EventDate "2019.03.16"]
[EventType "schev (blitz)"]
[EventRounds "8"]
[EventCountry "RUS"]
[SourceTitle "CBM 189 Extra"]
[Source "ChessBase"]
[SourceDate "2019.06.03"]
[SourceVersion "1"]
[SourceVersionDate "2019.06.03"]
[SourceQuality "1"]
[WhiteTeam "Brunettes"]
[BlackTeam "Blondes"]

1. e4 c5 2. c3 e6 3. d4 d5 4. exd5 exd5 5. Nf3 Nc6 6. Bb5 Bd6 7. dxc5 Bxc5 8.
O-O Nge7 9. Nbd2 O-O 10. Nb3 Bd6 11. h3 a6 12. Bd3 Bf5 13. Bg5 Bxd3 14. Qxd3
Qc7 15. Rad1 h6 16. Be3 Rad8 17. Rfe1 Ng6 18. Nbd4 Nce5 19. Nxe5 Nxe5 20. Qc2
Nc4 21. Bc1 Bh2+ 22. Kh1 Bf4 23. Nf5 Bxc1 24. Qxc1 Qb6 25. b3 Nd6 26. Ne7+ Kh8
27. f3 Qa5 28. Rxd5 Qc7 29. c4 b5 30. c5 Nf5 31. Rxf5 1-0

[Event "Moscow Blondes-Brunettes m 9th"]
[Site "Moscow"]
[Date "2019.03.16"]
[Round "8.1"]
[White "Fominykh, Maria"]
[Black "Kosteniuk, Alexandra"]
[Result "0-1"]
[WhiteElo "2259"]
[BlackElo "2545"]
[PlyCount "110"]
[EventDate "2019.03.16"]
[EventType "schev (blitz)"]
[EventRounds "8"]
[EventCountry "RUS"]
[SourceTitle "CBM 189 Extra"]
[Source "ChessBase"]
[SourceDate "2019.06.03"]
[SourceVersion "1"]
[SourceVersionDate "2019.06.03"]
[SourceQuality "1"]
[WhiteTeam "Blondes"]
[BlackTeam "Brunettes"]

1. d4 Nf6 2. c4 e6 3. g3 c5 4. d5 exd5 5. cxd5 d6 6. Nc3 g6 7. Bg2 Bg7 8. Nf3
O-O 9. O-O Re8 10. Nd2 b6 11. h3 Nbd7 12. a4 Ba6 13. Nb5 Bxb5 14. axb5 h6 15.
Nc4 Ne5 16. Ne3 Re7 17. Bd2 Ne8 18. f4 Nd7 19. Nc4 Ndf6 20. Qc2 Nc7 21. e4 Nxb5
22. Qd3 Nd4 23. Nxd6 Qxd6 24. e5 Qd7 25. d6 Ree8 26. Bxa8 Rxa8 27. exf6 Bxf6
28. Kh2 Qxd6 29. Bc3 h5 30. Rad1 Rd8 31. Qe4 Qd7 32. Rd2 Re8 33. Qd3 Qc6 34.
Bxd4 Bxd4 35. Re2 Rd8 36. Qf3 Qxf3 37. Rxf3 Rd7 38. f5 Kg7 39. h4 b5 40. fxg6
fxg6 41. b3 a5 42. Rc2 Re7 43. Kg2 Re1 44. Ra2 a4 45. bxa4 b4 46. a5 c4 47. Rf4
b3 48. Rd2 b2 49. Rxb2 Bxb2 50. Rxc4 Ra1 51. Rc7+ Kf6 52. Rc6+ Kf5 53. Rc5+ Be5
54. Kf2 Ke4 55. Rc4+ Kf5 0-1

[Event "CHN-chT"]
[Site "China"]
[Date "2019.07.24"]
[Round "8.2"]
[White "Kosteniuk, Alexandra"]
[Black "Gu, Tianlu"]
[Result "1-0"]
[WhiteElo "2517"]
[BlackElo "2201"]
[PlyCount "61"]
[EventDate "2019.04.09"]
[EventType "team-tourn"]
[EventRounds "22"]
[EventCountry "CHN"]
[SourceTitle "EXT 2020"]
[Source "ChessBase"]
[SourceDate "2019.10.17"]
[SourceVersion "1"]
[SourceVersionDate "2019.10.17"]
[SourceQuality "1"]
[WhiteTeam "Shanghai China Mobil"]
[BlackTeam "Hangzhou Bank"]
[WhiteTeamCountry "CHN"]
[BlackTeamCountry "CHN"]

1. e4 e5 2. Nf3 Nc6 3. Bc4 Bc5 4. d3 Nf6 5. a4 d6 6. c3 a5 7. Bg5 h6 8. Bh4 g5
9. Bg3 Qe7 10. O-O Bb6 11. Na3 Bg4 12. Nc2 Nh5 13. d4 Nxg3 14. fxg3 exd4 15.
cxd4 O-O-O 16. Bd5 Ne5 17. b4 Nxf3+ 18. gxf3 Be6 19. Qd2 Bxd5 20. exd5 Qe5 21.
bxa5 Ba7 22. a6 Qxd5 23. Qd3 Rhe8 24. Rab1 Kd7 25. Rxb7 Ra8 26. Kg2 Qa2 27. Ra1
Qe6 28. Re1 Qd5 29. Nb4 Qa5 30. Rb5 Rxe1 31. Rxa5 1-0

[Event "CHN-chT"]
[Site "China"]
[Date "2019.07.25"]
[Round "9.5"]
[White "Lei, Tingjie"]
[Black "Kosteniuk, Alexandra"]
[Result "1-0"]
[WhiteElo "2497"]
[BlackElo "2517"]
[PlyCount "167"]
[EventDate "2019.04.09"]
[EventType "team-tourn"]
[EventRounds "22"]
[EventCountry "CHN"]
[SourceTitle "EXT 2020"]
[Source "ChessBase"]
[SourceDate "2019.10.17"]
[SourceVersion "1"]
[SourceVersionDate "2019.10.17"]
[SourceQuality "1"]
[WhiteTeam "Chongqing Sports Lottery"]
[BlackTeam "Shanghai China Mobil"]
[WhiteTeamCountry "CHN"]
[BlackTeamCountry "CHN"]

1. d4 Nf6 2. c4 e6 3. g3 d5 4. Bg2 dxc4 5. Nf3 a6 6. O-O Nc6 7. e3 Rb8 8. Qe2
b5 9. b3 cxb3 10. axb3 Bd6 11. Bd2 O-O 12. Rc1 Bb7 13. Ne1 Nb4 14. Bxb7 Rxb7
15. Bxb4 Bxb4 16. Rxa6 Qd5 17. Qc2 Bxe1 18. Rxe1 b4 19. Nd2 e5 20. dxe5 Qxe5
21. Rc6 Rd8 22. Nf3 Qe4 23. Qxe4 Nxe4 24. Ra1 g6 25. Nd4 Rd6 26. Rxd6 Nxd6 27.
Ra5 Ne4 28. f3 Nf6 29. Nc6 Rb6 30. Rc5 Nd5 31. e4 Nc3 32. Ne7+ Kf8 33. Rxc7 Rd6
34. Nc6 Rd2 35. Nxb4 Ne2+ 36. Kf2 Nc1+ 37. Ke3 Re2+ 38. Kf4 Nxb3 39. Rc3 Nd2
40. h4 Re1 41. Rd3 Nc4 42. Nc6 Rc1 43. g4 h6 44. g5 hxg5+ 45. hxg5 Kg7 46. Rd8
Nb6 47. Ne7 Rc7 48. Nd5 Nxd5+ 49. exd5 Re7 50. Rb8 Re1 51. d6 Rd1 52. Ke5 Rd2
53. Rb7 Kf8 54. Rb8+ Kg7 55. Rb4 Kf8 56. Rd4 Re2+ 57. Kd5 Rg2 58. Re4 Rxg5+ 59.
Kc6 Rg1 60. d7 Rc1+ 61. Kb5 Rb1+ 62. Kc4 Rc1+ 63. Kd5 Rd1+ 64. Kc6 Rc1+ 65. Kd6
Rd1+ 66. Kc7 Rc1+ 67. Kd8 f5 68. Ra4 Kf7 69. Ra8 Rc3 70. Rc8 Rxf3 71. Kc7 Rd3
72. d8=Q Rxd8 73. Rxd8 Ke6 74. Kc6 Ke5 75. Kc5 Ke4 76. Kc4 g5 77. Kc3 Ke3 78.
Re8+ Kf2 79. Re5 g4 80. Rxf5+ Ke2 81. Rg5 Kf3 82. Kd2 g3 83. Ke1 Kg2 84. Ke2
1-0

[Event "CHN-chT"]
[Site "China"]
[Date "2019.07.26"]
[Round "10.3"]
[White "Kosteniuk, Alexandra"]
[Black "Zhang, Lanlin"]
[Result "1-0"]
[WhiteElo "2517"]
[BlackElo "2195"]
[PlyCount "73"]
[EventDate "2019.04.09"]
[EventType "team-tourn"]
[EventRounds "22"]
[EventCountry "CHN"]
[SourceTitle "EXT 2020"]
[Source "ChessBase"]
[SourceDate "2019.10.17"]
[SourceVersion "1"]
[SourceVersionDate "2019.10.17"]
[SourceQuality "1"]
[WhiteTeam "Shanghai China Mobil"]
[BlackTeam "Chongqing Jiulongpo Yucai"]
[WhiteTeamCountry "CHN"]
[BlackTeamCountry "CHN"]

1. d4 d5 2. c4 c6 3. cxd5 cxd5 4. Bf4 Nf6 5. Nc3 Nc6 6. e3 Bf5 7. Qb3 Na5 8.
Qa4+ Bd7 9. Qc2 e6 10. Bd3 Rc8 11. Nf3 Bb4 12. O-O O-O 13. Ne5 h6 14. h3 b5 15.
Rfc1 Bxc3 16. bxc3 Nc4 17. Qe2 Qa5 18. Nxd7 Nxd7 19. e4 dxe4 20. Bxe4 Ncb6 21.
Bd6 Rfe8 22. Bb4 Qa6 23. a4 Nxa4 24. Bd3 Rb8 25. c4 Qb6 26. cxb5 Qxd4 27. Qd2
e5 28. Rxa4 Nb6 29. Ra2 Rbd8 30. Bf1 Qh4 31. Qe1 Rd7 32. Bc5 e4 33. Rd1 Rc7 34.
Bd6 Rb7 35. Re2 Nc4 36. Bg3 Qh5 37. Rxe4 1-0

[Event "CHN-chT"]
[Site "China"]
[Date "2019.07.27"]
[Round "11.4"]
[White "Li, Xueyi"]
[Black "Kosteniuk, Alexandra"]
[Result "1/2-1/2"]
[WhiteElo "2286"]
[BlackElo "2517"]
[PlyCount "115"]
[EventDate "2019.04.09"]
[EventType "team-tourn"]
[EventRounds "22"]
[EventCountry "CHN"]
[SourceTitle "EXT 2020"]
[Source "ChessBase"]
[SourceDate "2019.10.17"]
[SourceVersion "1"]
[SourceVersionDate "2019.10.17"]
[SourceQuality "1"]
[WhiteTeam "Shenzhen Longgang"]
[BlackTeam "Shanghai China Mobil"]
[WhiteTeamCountry "CHN"]
[BlackTeamCountry "CHN"]

1. d4 Nf6 2. c4 b6 3. Nc3 Bb7 4. Nf3 e6 5. g3 c5 6. d5 exd5 7. Nxd5 Nxd5 8.
cxd5 g6 9. Bg5 f6 10. Bf4 Bg7 11. h4 Qe7 12. Qd2 Na6 13. d6 Qe4 14. Bg2 Qb4 15.
O-O Qxd2 16. Nxd2 Bxg2 17. Kxg2 Nb4 18. Ne4 Kf7 19. Nc3 f5 20. Rad1 Rae8 21.
Rd2 h6 22. a3 Nc6 23. Nd5 Nd4 24. Re1 Nb3 25. Rc2 Re4 26. f3 Rd4 27. Nc7 Bf6
28. Rc3 c4 29. Be3 Rxd6 30. Rxc4 Rc6 31. Rb4 Rxc7 32. Rxb3 Re8 33. Bxh6 Rc2 34.
Kf1 Bxb2 35. Rd3 d6 36. Rxd6 Bxa3 37. Rd7+ Re7 38. Red1 a5 39. Bg5 Rxd7 40.
Rxd7+ Ke8 41. Ra7 Bc5 42. e4 fxe4 43. fxe4 Rc4 44. e5 Re4 45. Bf6 a4 46. Kg2 b5
47. Ra5 Re2+ 48. Kf3 Rb2 49. Ke4 Bb6 50. Ra8+ Kf7 51. Ra6 Re2+ 52. Kd5 Rd2+ 53.
Kc6 Bf2 54. Kxb5 Bxg3 55. Rxa4 Bxe5 56. Bxe5 Rd5+ 57. Kc4 Rxe5 58. Kd3 1/2-1/2